Latitude / (Record no. 25550)
[ view plain ]
| 000 -LEADER | |
|---|---|
| fixed length control field | 00668nam a22002537a 4500 |
| 001 - CONTROL NUMBER | |
| control field | 25550 |
| 003 - CONTROL NUMBER IDENTIFIER | |
| rucl marc code | BD-RjUL |
| 005 - DATE AND TIME OF LATEST TRANSACTION | |
| control field | 20211209050908.0 |
| 008 - FIXED-LENGTH DATA ELEMENTS--GENERAL INFORMATION | |
| fixed length control field | 140318t1977 e aofd| |||| 001 0 eng d |
| 035 ## - SYSTEM CONTROL NUMBER | |
| System control number | (BD-RjUL)25620 |
| 040 ## - CATALOGING SOURCE | |
| Original cataloging agency | BD-RjUL |
| Language of cataloging | eng |
| Transcribing agency | BD-RjUL |
| 041 ## - LANGUAGE CODE | |
| Language code of text/sound track or separate title | eng |
| 082 04 - DEWEY DECIMAL CLASSIFICATION NUMBER | |
| Classification number | 808.8 |
| Author mark and year | NIL 1977 |
| 100 1# - MAIN ENTRY--PERSONAL NAME | |
| Personal name | Niles, Olive S |
| 9 (RLIN) | 78552 |
| 245 1# - TITLE STATEMENT | |
| Title | Latitude / |
| 260 ## - PUBLICATION, DISTRIBUTION, ETC. (IMPRINT) | |
| Place of publication, distribution, etc. | Glenview, Ill. : |
| Name of publisher, distributor, etc. | Scott Foresman, |
| Date of publication, distribution, etc. | ©1977. |
| 300 ## - PHYSICAL DESCRIPTION | |
| Pagination | 288 p. : |
| Illustrations | ill. ; |
| Size | 27 cm. |
| 490 0# - SERIES STATEMENT | |
| Series statement | Signal series. |
| 504 ## - BIBLIOGRAPHY, ETC. NOTE | |
| Bibliography, etc | includes index. |
| 650 1# - SUBJECT ADDED ENTRY--TOPICAL TERM | |
| Topical term or geographic name as entry element | Reading. |
| 9 (RLIN) | 78553 |
| 700 1# - ADDED ENTRY--PERSONAL NAME | |
| Personal name | Carrasco, Jose |
| Personal name | Dunning, Phyllis |
| 942 ## - ADDED ENTRY ELEMENTS (KOHA) | |
| Source of classification or shelving scheme | Dewey Decimal Classification |
| Koha item type | Books |
| Lost status | Source of classification or shelving scheme | Damaged status | Not for loan | Collection code | Permanent Location | Current Location | Shelving location | Date acquired | Source of acquisition | Total Checkouts | Full call number | Date last seen | Copy number | Koha item type |
|---|---|---|---|---|---|---|---|---|---|---|---|---|---|---|
| Dewey Decimal Classification | Non-fiction | Central Library, University of Rajshahi | Central Library, University of Rajshahi | 30/04/1984 | Asia foundation | 808.8 NIL 1977 | 18/03/2014 | C-7 | Books | |||||
| Dewey Decimal Classification | Non-fiction | Central Library, University of Rajshahi | Central Library, University of Rajshahi | 30/04/1984 | Asia foundation | 808.8 NIL 1977 | 29/12/2015 | C-4 | Books | |||||
| Dewey Decimal Classification | Non-fiction | Central Library, University of Rajshahi | Central Library, University of Rajshahi | 30/04/1984 | Asia Foundation , U.S.A. | 808.8 NIL 1977 | 04/12/2019 | C-2 | Books | |||||
| Dewey Decimal Classification | Non-fiction | Central Library, University of Rajshahi | Central Library, University of Rajshahi | 30/04/1984 | Asia Foundation , U.S.A. | 808.8 NIL 1977 | 04/12/2019 | C-3 | Books | |||||
| Dewey Decimal Classification | Non-fiction | Central Library, University of Rajshahi | Central Library, University of Rajshahi | 30/04/1984 | Asia Foundation , U.S.A. | 808.8 NIL 1977 | 04/12/2019 | C-5 | Books | |||||
| Dewey Decimal Classification | Non-fiction | Central Library, University of Rajshahi | Central Library, University of Rajshahi | 30/04/1984 | Asia Foundation , U.S.A. | 808.8 NIL 1977 | 04/12/2019 | C-6 | Books | |||||
| Dewey Decimal Classification | Non-fiction | Central Library, University of Rajshahi | Central Library, University of Rajshahi | 30/04/1984 | Asia Foundation , U.S.A. | 808.8 NIL 1977 | 04/12/2019 | C-8 | Books |